000 00805nam a2200265Ia 4500
003 OSt
005 20220925213650.0
006 a|||||r|||| 00| 0
007 ta
008 220923b |||||||| |||| 00| 0 eng d
020 _ceuro 2500
037 _b408, 16/10/1987, SBD
_cGeneral Book
040 _aRTL
_cRTL
_beng
041 _2eng
_aeng
082 _aX:(B2814), M7
100 _aCyert Richard M
_9125368
245 0 _aBayesian analysis and uncertainty in economic theory
260 _aLondon
_bChapman & Hall
_c1987
300 _a205p.
_ccm.
500 _aBibliography P 189-98
650 _aEconomic Statistics
700 _a Degroot Morris H
942 _hX:(B2814), M7
_cGB
_2CC
999 _c563446
_d563446